Hachi (Record no. 1078)
[ view plain ]
| 000 -LEADER | |
|---|---|
| fixed length control field | 03009cgm a2200697Ia 4500 |
| 003 - CONTROL NUMBER IDENTIFIER | |
| control field | data |
| 005 - DATE AND TIME OF LATEST TRANSACTION | |
| control field | 20260322212046.0 |
| 007 - PHYSICAL DESCRIPTION FIXED FIELD--GENERAL INFORMATION | |
| fixed length control field | data |
| 008 - FIXED-LENGTH DATA ELEMENTS--GENERAL INFORMATION | |
| fixed length control field | data |
| 020 ## - INTERNATIONAL STANDARD BOOK NUMBER | |
| International Standard Book Number | 1435980824 |
| 020 ## - INTERNATIONAL STANDARD BOOK NUMBER | |
| International Standard Book Number | 9781435980822 |
| 024 1# - OTHER STANDARD IDENTIFIER | |
| Standard number or code | 043396321403 |
| 028 42 - PUBLISHER OR DISTRIBUTOR NUMBER | |
| Publisher or distributor number | 32140 |
| Source | Sony Pictures Home Entertainment |
| 037 ## - SOURCE OF ACQUISITION | |
| Source of stock number/acquisition | Midwest Tape |
| Note | http://www.midwesttapes.com |
| 040 ## - CATALOGING SOURCE | |
| Original cataloging agency | TEFMT |
| Transcribing agency | TEFMT |
| Modifying agency | VP@ |
| -- | UPZ |
| -- | TOL |
| -- | IXA |
| -- | VP@ |
| 041 1# - LANGUAGE CODE | |
| Language code of text/sound track or separate title | eng |
| Language code of subtitles | eng |
| Language code of original | eng |
| 050 14 - LIBRARY OF CONGRESS CALL NUMBER | |
| Classification number | PN1997.2 |
| Item number | .H33 2010 |
| 082 04 - DEWEY DECIMAL CLASSIFICATION NUMBER | |
| Classification number | 791.43/72 |
| Edition information | 22 |
| 099 ## - LOCAL FREE-TEXT CALL NUMBER (OCLC) | |
| Classification number | DVD 887 |
| 001 - CONTROL NUMBER | |
| control field | data |
| 245 10 - TITLE STATEMENT | |
| Title | Hachi |
| Medium | [videorecording] : |
| Remainder of title | a dog's tale / |
| Statement of responsibility, etc. | Vicki Shigekuni Wong ... [et al.]. |
| 246 3# - VARYING FORM OF TITLE | |
| Title proper/short title | Hachi, a dog's tale. |
| 260 ## - PUBLICATION, DISTRIBUTION, ETC. | |
| Place of publication, distribution, etc. | Culver City, Calif. : |
| Name of publisher, distributor, etc. | Sony Pictures Home Entertainment, |
| Date of publication, distribution, etc. | [2010] |
| 300 ## - PHYSICAL DESCRIPTION | |
| Extent | 1 videodisc (ca. 93 min.) : |
| Other physical details | sd., col. ; |
| Dimensions | 4 3/4 in. |
| 500 ## - GENERAL NOTE | |
| General note | Title from container. |
| 500 ## - GENERAL NOTE | |
| General note | Originally released as a motion picture in 2009. |
| 500 ## - GENERAL NOTE | |
| General note | Special features: "A bond of loyalty: the making of Hachi: a dog's tale" featurette. |
| 508 ## - CREATION/PRODUCTION CREDITS NOTE | |
| Creation/production credits note | Director of photography, Ron Fortunato ; editor, Kristina Boden ; music, Jan A.P. Kaczmarek. |
| 511 1# - PARTICIPANT OR PERFORMER NOTE | |
| Participant or performer note | Richard Gere, Joan Allen, Sarah Roemer, Cary-Hiroyuki Tagawa, Erick Avari, Jason Alexander. |
| 520 ## - SUMMARY, ETC. | |
| Summary, etc. | The heartwarming true story of a loyal dog named Hachiko. This very special friend would accompany his master to the train station everyday and return each afternoon to greet him after work. Even after his master passed away, he continued to return to the same spot at the station every day for the next nine years to wait for his beloved master. During his daily visits he touched many lives and taught the local people about love, compassion, and above all unyielding loyalty. |
| 521 8# - TARGET AUDIENCE NOTE | |
| Target audience note | MPAA rating: G. |
| 538 ## - SYSTEM DETAILS NOTE | |
| System details note | DVD, region 1, anamorphic widescreen (1.85:1) presentation; Dolby Digital 5.1 surround. |
| 540 ## - TERMS GOVERNING USE AND REPRODUCTION NOTE | |
| Terms governing use and reproduction | This DVD disc is copy protected. |
| 546 ## - LANGUAGE NOTE | |
| Language note | English subtitles for the deaf and hard of hearing. |
| 650 #0 - SUBJECT ADDED ENTRY--TOPICAL TERM | |
| Topical term or geographic name entry element | Hachiko (Dog) |
| Form subdivision | Drama. |
| 650 #0 - SUBJECT ADDED ENTRY--TOPICAL TERM | |
| Topical term or geographic name entry element | Dogs |
| General subdivision | Behavior |
| Form subdivision | Drama. |
| 650 #0 - SUBJECT ADDED ENTRY--TOPICAL TERM | |
| Topical term or geographic name entry element | Railroad stations |
| Form subdivision | Drama. |
| 650 #0 - SUBJECT ADDED ENTRY--TOPICAL TERM | |
| Topical term or geographic name entry element | Human-animal relationships |
| Form subdivision | Drama. |
| 650 #0 - SUBJECT ADDED ENTRY--TOPICAL TERM | |
| Topical term or geographic name entry element | Loyalty |
| Form subdivision | Drama. |
| 655 #0 - INDEX TERM--GENRE/FORM | |
| Genre/form data or focus term | Feature films. |
| 655 #0 - INDEX TERM--GENRE/FORM | |
| Genre/form data or focus term | Melodramas (Motion pictures) |
| 655 #0 - INDEX TERM--GENRE/FORM | |
| Genre/form data or focus term | Animal films. |
| 655 #0 - INDEX TERM--GENRE/FORM | |
| Genre/form data or focus term | Video recordings for the hearing impaired. |
| 700 1# - ADDED ENTRY--PERSONAL NAME | |
| Personal name | Shigekuni Wong, Vicki. |
| 700 1# - ADDED ENTRY--PERSONAL NAME | |
| Personal name | Johnson, Bill. |
| 700 1# - ADDED ENTRY--PERSONAL NAME | |
| Personal name | Gere, Richard, |
| Dates associated with a name | 1949- |
| 700 1# - ADDED ENTRY--PERSONAL NAME | |
| Personal name | Lindsey, Stephen P. |
| 700 1# - ADDED ENTRY--PERSONAL NAME | |
| Personal name | Hallström, Lasse. |
| 700 1# - ADDED ENTRY--PERSONAL NAME | |
| Personal name | Allen, Joan, |
| Dates associated with a name | 1956- |
| 700 1# - ADDED ENTRY--PERSONAL NAME | |
| Personal name | Roemer, Sarah. |
| 700 1# - ADDED ENTRY--PERSONAL NAME | |
| Personal name | Tagawa, Cary-Hiroyuki. |
| 700 1# - ADDED ENTRY--PERSONAL NAME | |
| Personal name | Avari, Erick, |
| Dates associated with a name | 1952- |
| 700 1# - ADDED ENTRY--PERSONAL NAME | |
| Personal name | Alexander, Jason, |
| Dates associated with a name | 1959- |
| 700 1# - ADDED ENTRY--PERSONAL NAME | |
| Personal name | Kaczmarek, Jan A. P. |
| 710 2# - ADDED ENTRY--CORPORATE NAME | |
| Corporate name or jurisdiction name as entry element | Stage 6 Films. |
| 710 2# - ADDED ENTRY--CORPORATE NAME | |
| Corporate name or jurisdiction name as entry element | Inferno Distribution (Firm) |
| 710 2# - ADDED ENTRY--CORPORATE NAME | |
| Corporate name or jurisdiction name as entry element | Hachiko, LLC. |
| 710 2# - ADDED ENTRY--CORPORATE NAME | |
| Corporate name or jurisdiction name as entry element | Grand Army Entertainment, LLC. |
| 710 2# - ADDED ENTRY--CORPORATE NAME | |
| Corporate name or jurisdiction name as entry element | Opperman Viner Chrystyn Entertainment (Firm) |
| 710 2# - ADDED ENTRY--CORPORATE NAME | |
| Corporate name or jurisdiction name as entry element | Sony Pictures Home Entertainment (Firm) |
| Withdrawn status | Lost status | Damaged status | Not for loan | Home library | Current library | Shelving location | Date acquired | Total checkouts | Full call number | Barcode | Date last seen | Price effective from | Koha item type |
|---|---|---|---|---|---|---|---|---|---|---|---|---|---|
| Centerville | Centerville | General stacks | 22/03/2026 | 791.43/72 22 | BC0011112 | 22/03/2026 | 22/03/2026 | Books |